Movies Quiz

Random Movies or Star Wars Quiz

Star Wars Characters Quiz Stats

 Plays Quiz not verified by Sporcle

Challenge
Share
Tweet
Embed
Score 0/41 Timer 09:00
0 Plays Today
Character clue Star Wars character % Correct
????
100%
????
95.5%
????
76.7%
????
76%
????
72.9%
????
71.9%
????
68.8%
????
60.8%
????
51.7%
????
50%
????
49.7%
????
49.7%
????
47.2%
????
47.2%
????
46.9%
????
45.8%
????
38.5%
????
37.8%
????
37.2%
????
31.3%
????
31.3%
Character clue Star Wars character % Correct
????
29.5%
????
29.5%
????
29.2%
????
28.1%
????
26.4%
????
24.7%
????
24.7%
????
24.3%
????
22.9%
????
22.6%
????
20.8%
????
20.5%
????
20.1%
????
18.8%
????
18.8%
????
17.7%
????
17.7%
????
17.4%
????
16.7%
????
16.7%

You're not logged in!

Compare scores with friends on all Sporcle quizzes.
OR
Log In

You Might Also Like...

Show Comments

Extras

Top Quizzes Today


Score Distribution

Your Account Isn't Verified!

In order to create a playlist on Sporcle, you need to verify the email address you used during registration. Go to your Sporcle Settings to finish the process.

Report this User

Report this user for behavior that violates our Community Guidelines.

Details: